| 000 | 00379nam a22001217a 4500 | ||
|---|---|---|---|
| 999 |
_c2505 _d2505 |
||
| 005 | 20200916113532.0 | ||
| 008 | 200916b ||||| |||| 00| 0 eng d | ||
| 020 | _a0471506338 | ||
| 040 | _cCML | ||
| 245 |
_aWorld Regional Geography: Issues for Today. _cJackson, R.H. & Hudman, L.E. |
||
| 260 |
_aNew York _bJohn Willey & Sons _c1941 |
||
| 942 |
_2ddc _cBK _h910 _mJAC |
||